000 00734nam a22002297a 4500
999 _c34379
_d34379
001 3741
003 CO-MdFUSB
005 20180622073139.0
008 180313s1969 enk||||| |||| 00| 0 spa d
040 _aCO-MdFUSB
_bspa
_cCO-MdFUSB
_dCO-MdFUSBC
_erda
041 0 _aspa
082 0 4 _aG 227.2 H6881c
100 1 _aHodge, Charles (1797-1878)
_eautor
245 0 _aComentario sobre la primera epĆ­stola a los Corintios
_c / Charles Hodge ; Miguel Blanch, Traductor
264 1 _aLondres :
_b The Banner of Truth Trust,
_c[1969]
300 _a345 Pag
336 _2rdacontent
_atexto
_btxt
337 _2rdamedia
_asin mediación
_bn
338 _2rdacarrier
_avolumen
_bnc
653 _aBiblia N.T. - Corintios - Comentarios
942 _cBK